000 01152cam a2200277 a 4500
999 _c4878
_d4878
001 32625715
003 OCoLC
005 20181217134507.0
008 950522s1995 nyu b 001 0 eng
010 _a95020457
020 _a068480767X
020 _a9780684807676
040 _aDLC
_beng
_cDLC
_dUKM
_dNLGGC
_dBTCTA
_dYDXCP
_dSXC
_dOCLCO
_dOCLCF
050 0 0 _aHB71
_b.P616 1995
082 _a330
_bP643G
100 1 _aPilzer, Paul Zane.
245 1 0 _aGod wants you to be rich :
_bthe theology of economics /
_cPaul Zane Pilzer.
260 _aNew York :
_bSimon & Schuster,
_cc1995.
300 _a282 p. ;
_c25 cm.
504 _aIncludes bibliographical references (p. [245]-265) and index.
520 _aThe author "shows how a society's wealth is determined not by the supply of physical resources, which are supposedly limited, but by human ingenuity, which constantly redefines what counts as a resource in the first place."
650 0 _aEconomics.
650 0 _aEconomics
_xReligious aspects.
776 0 8 _iOnline version:
_aPilzer, Paul Zane.
_tGod wants you to be rich.
_dNew York : Simon & Schuster, c1995
_w(OCoLC)777029331
942 _2ddc
_cBK